书目信息 |
| 题名: |
汉语俗字丛孝
|
|
| 作者: | 张涌泉 著 | |
| 分册: | ||
| 出版信息: | 北京 中华书局 2000 |
|
| 页数: | 1209页 | |
| 开本: | 26cm | |
| 丛书名: | ||
| 单 册: | ||
| 中图分类: | H121 | |
| 科图分类: | ||
| 主题词: | 汉字--文字学 | |
| 电子资源: | ||
| ISBN: | 7-101-02390-8 | |
| 000 | 00540nam0 2200193 450 | |
| 001 | 0639346562 | |
| 005 | 20070702103311.26 | |
| 010 | @a7-101-02390-8@b精装@dCNY178.00 | |
| 100 | @a20060303d2000 km y0chiy0120 ea | |
| 101 | 0 | @achi |
| 102 | @aCN@b110000 | |
| 200 | 1 | @a汉语俗字丛孝@Ahan yu su zi cong xiao@f张涌泉著@Fzhang yong quan zhu |
| 210 | @a北京@c中华书局@d2000 | |
| 215 | @a1209页@d26cm | |
| 606 | 0 | @a汉字@x文字学 |
| 690 | @aH121@v4 | |
| 701 | 0 | @a张涌泉@Azhang yong quan@4著 |
| 801 | 0 | @aCN@bPFT@c20070702 |
| 905 | @a10447@dH121@e117 | |
| 汉语俗字丛孝/张涌泉著.-北京:中华书局,2000 |
| 1209页;26cm |
| ISBN 7-101-02390-8(精装):CNY178.00 |
| ● |
| 相关链接 |
|
|
|
|
正题名:汉语俗字丛孝
索取号:H121/117
 
预约/预借
| 序号 | 登录号 | 条形码 | 馆藏地/架位号 | 状态 | 备注 |
| 1 | 0089590 | 000833147 | 第二样本阅览室/ [索取号:H121/117] | 在馆 | |
| 2 | 0338976 | 203389760 | 第二样本阅览室/ [索取号:H121/117] | 在馆 | |
| 3 | 0764526 | 207645262 | 密集书库/ [索取号:H121/117] | 在馆 | |
| 4 | 0764527 | 207645271 | 密集书库/ [索取号:H121/117] | 在馆 |